[Event "Arco op 27th"]
[Site "Arco"]
[Date "2005.10.28"]
[Round "7"]
[White "Agostini, Guillermo"]
[Black "Tocco, Paolo"]
[Result "0-1"]
[WhiteElo "2050"]
[BlackElo "2151"]
[PlyCount "46"]
[EventDate "2005.10.22"]
[EventType "swiss"]
[EventRounds "9"]
[EventCountry "ITA"]
[SourceTitle "EXT 2006"]
[Source "ChessBase"]
[SourceDate "2005.11.24"]
[SourceVersion "1"]
[SourceVersionDate "2005.11.24"]
[SourceQuality "1"]

1. d4 f5 2. c4 Nf6 3. g3 g6 4. Bg2 Bg7 5. d5 0-0 6. Nc3 d6 7. h4 Nbd7 8. Rb1 Ne5 9. b3 Nh5 10. Nh3 Nxc4 11. bxc4 Bxc3+ 12. Bd2 Bg7 13. Nf4 Nxf4 14. gxf4 b6 15. h5 Bd7 16. hxg6 hxg6 17. Bf3 Kf7 18. Qc2 Rh8 19. Rg1 Rh3 20. Bg2 Rh2 21. Rb3 Ba4 22. e4 Qh8 23. exf5 Rxg2 0-1

[Event "Arco op 27th"]
[Site "Arco"]
[Date "2005.10.27"]
[Round "6"]
[White "Scotti, Umberto"]
[Black "Agostini, Guillermo"]
[Result "1/2-1/2"]
[WhiteElo "2182"]
[BlackElo "2050"]
[PlyCount "81"]
[EventDate "2005.10.22"]
[EventType "swiss"]
[EventRounds "9"]
[EventCountry "ITA"]
[SourceTitle "EXT 2006"]
[Source "ChessBase"]
[SourceDate "2005.11.24"]
[SourceVersion "1"]
[SourceVersionDate "2005.11.24"]
[SourceQuality "1"]

1. d4 Nf6 2. Nf3 g6 3. Bf4 Bg7 4. e3 d6 5. Be2 c6 6. 0-0 Nh5 7. Bg5 h6 8. Bh4 g5 9. Nfd2 gxh4 10. Bxh5 Nd7 11. c4 Nf6 12. Bf3 Nh7 13. Nc3 0-0 14. Be2 e5 15. Nf3 Qe7 16. dxe5 dxe5 17. e4 f5 18. Qc2 fxe4 19. Nxe4 Ng5 20. Nfxg5 hxg5 21. c5 Bf5 22. b4 Rad8 23. Bc4+ Kh8 24. Qe2 Bxe4 25. Qxe4 Rd4 26. Qe2 Qf6 27. Rad1 Rfd8 28. Rxd4 Rxd4 29. Rd1 Bf8 30. g3 Kg7 31. Rxd4 exd4 32. Qe4 Be7 33. Bd3 Kf8 34. Qh7 Ke8 35. Bf5 Kd8 36. Bd3 hxg3 37. hxg3 Ke8 38. b5 Kd8 39. bxc6 bxc6 40. Qg8+ Kc7 41. Ba6 1/2-1/2

[Event "Arco op 25th"]
[Site "Arco"]
[Date "2003.10.25"]
[Round "8"]
[White "Agostini, Guillermo"]
[Black "Miatello, Alberto"]
[Result "0-1"]
[WhiteElo "1822"]
[BlackElo "2046"]
[PlyCount "38"]
[EventDate "2003.10.18"]
[EventType "swiss"]
[EventRounds "9"]
[EventCountry "ITA"]
[SourceTitle "EXT 2004"]
[Source "ChessBase"]
[SourceDate "2003.11.25"]
[SourceVersion "1"]
[SourceVersionDate "2003.11.25"]
[SourceQuality "1"]

1. d4 Nf6 2. Nf3 g6 3. c4 Bg7 4. Nc3 d6 5. e4 0-0 6. Be2 e5 7. 0-0 Nbd7 8. d5 Nc5 9. Nd2 Bh6 10. b4 Bxd2 11. Bxd2 Ncxe4 12. Nxe4 Nxe4 13. Be1 f5 14. f3 Nf6 15. f4 exf4 16. Rxf4 Qe7 17. Bf2 Bd7 18. Bd4 Rae8 19. Bf3 g5 0-1

[Event "Arco op 25th"]
[Site "Arco"]
[Date "2003.10.21"]
[Round "4"]
[White "Agostini, Guillermo"]
[Black "Lovati, Paolo"]
[Result "1-0"]
[WhiteElo "1822"]
[BlackElo "2089"]
[PlyCount "107"]
[EventDate "2003.10.18"]
[EventType "swiss"]
[EventRounds "9"]
[EventCountry "ITA"]
[SourceTitle "EXT 2004"]
[Source "ChessBase"]
[SourceDate "2003.11.25"]
[SourceVersion "1"]
[SourceVersionDate "2003.11.25"]
[SourceQuality "1"]

1. d4 d6 2. c4 Nf6 3. Nc3 Nbd7 4. e4 e5 5. d5 Be7 6. Be3 0-0 7. f3 c5 8. Bd3 Ne8 9. Nge2 Rb8 10. Qd2 a6 11. 0-0 g6 12. g4 f6 13. Ng3 Nc7 14. Qe2 Qe8 15. Kg2 Rf7 16. Rh1 Nf8 17. h4 b5 18. b3 bxc4 19. bxc4 Bd8 20. h5 Qe7 21. Rhb1 Rxb1 22. Rxb1 Ne8 23. Na4 Qa7 24. Qc2 Ng7 25. hxg6 hxg6 26. Rh1 Ne8 27. Rh6 Rh7 28. Rxh7 Qxh7 29. Qb3 Qc7 30. Bd2 Nh7 31. Nb2 Ng5 32. Nd1 Ng7 33. Qb1 Qd7 34. Nf2 Nf7 35. Nh3 Qc7 36. Nf2 Nh8 37. Nh3 g5 38. Nf5 Ng6 39. Kf2 Nxf5 40. exf5 e4 41. Bxe4 Ne5 42. Bd3 Qb7 43. Qxb7 Bxb7 44. Be2 a5 45. f4 gxf4 46. Bxf4 Ba6 47. Bxe5 dxe5 48. Ke3 a4 49. Nf2 Kf7 50. Ne4 Ba5 51. Kd3 Bb4 52. Bd1 a3 53. Ba4 Bc8 54. Nd6+ 1-0

[Event "Arco op 25th"]
[Site "Arco"]
[Date "2003.10.20"]
[Round "3"]
[White "Luciani, Carlo"]
[Black "Agostini, Guillermo"]
[Result "1-0"]
[WhiteElo "2233"]
[BlackElo "1822"]
[PlyCount "107"]
[EventDate "2003.10.18"]
[EventType "swiss"]
[EventRounds "9"]
[EventCountry "ITA"]
[SourceTitle "EXT 2004"]
[Source "ChessBase"]
[SourceDate "2003.11.25"]
[SourceVersion "1"]
[SourceVersionDate "2003.11.25"]
[SourceQuality "1"]

1. e4 d6 2. d4 g6 3. Nc3 Bg7 4. Be3 Nf6 5. f3 Na6 6. Qd2 h5 7. h4 c6 8. Nh3 Qc7 9. Ng5 b5 10. a3 Rb8 11. Rd1 Bd7 12. a4 Nb4 13. axb5 cxb5 14. Be2 Nxc2+ 15. Qxc2 b4 16. 0-0 bxc3 17. bxc3 0-0 18. c4 a5 19. Rc1 Rfc8 20. c5 dxc5 21. Qa2 e6 22. Ba6 Qa7 23. Bxc8 cxd4 24. Bf2 Bxc8 25. Bg3 d3+ 26. Kh1 Ra8 27. Rc7 Qe3 28. Re1 Qd4 29. Nxf7 Ne8 30. Rc4 Qb2 31. Qxb2 Bxb2 32. Be5 d2 33. Rg1 Bc1 34. Ng5 a4 35. f4 a3 36. Rgxc1 dxc1Q+ 37. Rxc1 a2 38. Kh2 Nd6 39. Ba1 Bb7 40. Rc7 Ra4 41. Rg7+ Kf8 42. Nxe6+ Ke8 43. Nc5 Rxe4 44. Nxb7 Nxb7 45. Rxb7 Re1 46. Bh8 a1Q 47. Bxa1 Rxa1 48. Rg7 Ra6 49. f5 Kf8 50. Rxg6 Rxg6 51. fxg6 Kg7 52. Kg3 Kxg6 53. Kf4 Kf6 54. g3 1-0